000 00560nam a2200193 a 4500
999 _c3094
_d3094
003 BD-JhCC
005 20171109195407.0
008 171109s1977 bg ||||| |||| 000 0 ben d
035 _a(BD-JhCC)
040 _aBD-JhCC
_dBD-JhCC
041 _aben
082 _a891.442
_bRAS 1977
100 _aরশীদ, আবদার
245 _aদরবেশ /
_cআবদার রশীদ
260 _aঢাকা:
_bমুক্তধারা ;
_c১৯৭৭
300 _a৫৯ পৃ.;
_c২২ সেমি
650 _aBengali Drama
942 _2ddc
_cBK